Ricostruisci la Carriera del Calciatore - Albin Ekdal - Statistics

Statistiche generali
  • Questo quiz è stato fatto 9 volte
  • Il punteggio medio è 2 su 9
Statistiche sulle risposte
Hint Risposta % Corretto
2007-2008 Brommapojkarna
71%
2024- Djurgården
43%
2011-2015 Cagliari
29%
2018-2022 Sampdoria
29%
2022-2023 Spezia
29%
2008-2009 Juventus
14%
2015-2018 Amburgo
0%
2010-2011 Bologna
0%
2009-2010 Siena
0%
Nessun quiz corrispondente trovato
Distribuzione punteggi
Percentuale di utenti per punteggio
Percentile per numero di risposta
I tuoi punteggi nel tempo
Non hai fatto questo quiz